000 00522pam a2200157a 44500
008 230515b2019 xxu||||| |||| 00| 0 eng d
020 _a9788194148944
041 _aENGLISH
082 _a000
100 _aMINISTRY OF AYUSH
245 _aAYURVEDA BASED SEASONAL COLLECTION PRACTICES FOR SELECTED MIDICINAL PLANTS ASCIENTIFIC APPRAISAL
250 _aI
260 _aNEW DELHI
_bNULL
_c2019
300 _a105
650 _aAYURVEDA BASED SEASONAL COLLECTION PRACTICES FOR SELECTED MIDICINAL PLANTS ASCIENTIFIC APPRAISAL
999 _c502266
_d502266